000 00462 a2200157 4500
003 OSt
005 20231107162147.0
008 231107b |||||||| |||| 00| 0 eng d
040 _coclc
082 _a297
_bHAM/A
100 _a Abdul Hameed, Cheriyamundam
_91843
245 _aArogyathinte Daivasasthram /
_cCheriyamundam Abdul Hameed
260 _aKerala:
_bYuvatha,
_c2018.
300 _a188p
942 _2ddc
_cBK
_h297
_iHAM/A
_k297
_mHAM/A
999 _c42877
_d42877